Por una noche = aruma /

Guardado en:
Autor Principal: Lillo, Mario Damian
Otros Autores: Cubillas, Roberto; il., Huanca, César; trad.
Formato: Libro
Publicado: Buenos Aires : La Bohemia, 2014
Series:Comunidades
Materias:
Etiquetas: Agregar Etiqueta
Sin Etiquetas, Sea el primero en etiquetar este registro!
LEADER 01027nam a22003015a 4500
001 CEM.cems015315
005 20191114160435.0
008 130507s2014##################000#0#####d
003 CEMS
020 |a 9789871019601 
082 0 4 |a A868.4 
100 1 |a Lillo, Mario Damian 
245 1 0 |a Por una noche = aruma /  |c Mario Damian Lillo ; ilustrado Por Roberto Cubillas ; traducido Por César Huanca 
260 |a Buenos Aires :  |b La Bohemia,  |c 2014 
300 |a 24 p. 
490 0 |a Comunidades 
500 |a Edición bilingüe Español- Aymará 
653 |a Literatura 
653 |a Literatura argentina 
653 |a Literatura infantil 
653 |a Cuentos infantiles 
653 |a Colección ciencias de la educación 
653 |a Literatura aymará 
653 |a Pueblos originarios 
700 1 |a Cubillas, Roberto; il. 
700 1 |a Huanca, César; trad. 
859 |a CEMS  |b BIB. CEMS - Ccias. Educacion  |h A868.4  |i L628-1  |k CE  |p 28537.19  |t Ej.1 
859 |a CEMS  |b BIB. CEMS - Ccias. Educacion  |h A868.4  |i L628-1  |k CE  |p 28578.19  |t Ej.2